000 00933nam a22001817a 4500
003 OSt
005 20251118164105.0
008 251118b |||||||| |||| 00| 0 eng d
040 _cDCL
082 _a၂၉၄.၃၈၂၃၅၃
130 _aတိပိဋက။
_pသုတ္တန္တပိဋက။
_pခုဒ္ဒကနိကာယ။
_tဇာတက၊
_lအဋ္ဌကထာ၊
_sနိဿယ။
245 _aဇာတကအဋ္ဌကထာ နိဿယ၊
_nဝိဓုရာဇာတက။
264 _aရန်ကုန် ၊
_bသာသနာရေးဦးစီး၊
_c[ခုနှစ်မပါ]။
300 _a၁၃၄-၃၆၄၈ စာမျက်နှာ ၊
_c၂၅ စင်တီ။
650 _aဇာတက
_vအဋ္ဌကထာနိဿယ။
650 _aဝိဓုရာဇာတက
_vအဋ္ဌကထာနိဿယ။
942 _2ddc
_cSHORT TERM
_n0
999 _c2522
_d2522